[Event "April 9 Early 2024"]
[Site "Chess.com"]
[Date "2024.04.09"]
[Round "6"]
[White "Roberts, Tallulah"]
[Black "Bashylina, Luisa"]
[Result "0-1"]
[Board "233"]
[WhiteFideId "15600572"]
[BlackFideId "12983292"]
[WhiteTitle "WCM"]
[BlackTitle "WFM"]
[WhiteElo "1551"]
[BlackElo "2289"]
[WhiteTeam "JCI"]
[BlackTeam "GER"]
[WhiteClock "0:00:00"]
[BlackClock "0:00:15"]
[Variant "Standard"]

1. e4 {[%clk 0:03:00]}  c5 {[%clk 0:02:59]} 2. d4 {[%clk 0:02:54]}  cxd4 {[%clk 0:02:48]} 3. c3 {[%clk 0:02:54]}  dxc3 {[%clk 0:02:47]} 4. Nxc3 {[%clk 0:02:55]}  Nc6 {[%clk 0:02:46]} 5. Nf3 {[%clk 0:02:55]}  e6 {[%clk 0:02:45]} 6. Bc4 {[%clk 0:02:56]}  d6 {[%clk 0:02:44]} 7. O-O {[%clk 0:02:52]}  Nf6 {[%clk 0:02:43]} 8. Bg5 {[%clk 0:02:49]}  Be7 {[%clk 0:02:42]} 9. Qe2 {[%clk 0:02:36]}  h6 {[%clk 0:02:40]} 10. Bf4 {[%clk 0:02:25]}  Nh5 {[%clk 0:02:31]} 11. Be3 {[%clk 0:02:04]}  O-O {[%clk 0:02:31]} 12. Rfd1 {[%clk 0:02:03]}  a6 {[%clk 0:02:16]} 13. a3 {[%clk 0:01:57]}  b5 {[%clk 0:02:09]} 14. Ba2 {[%clk 0:01:54]}  Bb7 {[%clk 0:02:04]} 15. Rac1 {[%clk 0:01:52]}  Rc8 {[%clk 0:02:02]} 16. Ne5 {[%clk 0:00:56]}  Nxe5 {[%clk 0:01:41]} 17. Qxh5 {[%clk 0:00:56]}  Nc4 {[%clk 0:01:31]} 18. Bxc4 {[%clk 0:00:32]}  Rxc4 {[%clk 0:01:26]} 19. Rd4 {[%clk 0:00:19]}  Rxd4 {[%clk 0:01:20]} 20. Bxd4 {[%clk 0:00:20]}  Bf6 {[%clk 0:01:20]} 21. Be3 {[%clk 0:00:19]}  Qe7 {[%clk 0:01:12]} 22. Qg4 {[%clk 0:00:14]}  Kh8 {[%clk 0:01:08]} 23. h3 {[%clk 0:00:11]}  Rc8 {[%clk 0:01:06]} 24. Qe2 {[%clk 0:00:11]}  Rc4 {[%clk 0:00:39]} 25. f3 {[%clk 0:00:10]}  Qc7 {[%clk 0:00:39]} 26. Bf4 {[%clk 0:00:07]}  Bd4+ {[%clk 0:00:29]} 27. Kh1 {[%clk 0:00:07]}  e5 {[%clk 0:00:26]} 28. Be3 {[%clk 0:00:07]}  Bxc3 {[%clk 0:00:20]} 29. Rxc3 {[%clk 0:00:06]}  Rxc3 {[%clk 0:00:21]} 30. bxc3 {[%clk 0:00:06]}  Qxc3 {[%clk 0:00:22]} 31. Kh2 {[%clk 0:00:05]}  Qxa3 {[%clk 0:00:21]} 32. Qc2 {[%clk 0:00:05]}  Qa5 {[%clk 0:00:16]} 33. Qc7 {[%clk 0:00:04]}  Qxc7 {[%clk 0:00:15]} 34. Bd2 {[%clk 0:00:03]}  a5 {[%clk 0:00:14]} 35. Be1 {[%clk 0:00:02]}  a4 {[%clk 0:00:15]} 36. Bb4 {[%clk 0:00:02]}  Qc2 {[%clk 0:00:14]} 37. Bxd6 {[%clk 0:00:00]}  Bxe4 {[%clk 0:00:15]} 0-1

[Event "April 9 Early 2024"]
[Site "Chess.com"]
[Date "2024.04.10"]
[Round "6"]
[White "Schirmbeck, Lilian"]
[Black "Jimenez, Maria"]
[Result "0-1"]
[Board "235"]
[WhiteFideId "34620532"]
[BlackFideId "3843866"]
[WhiteTitle "WCM"]
[BlackTitle "WFM"]
[WhiteElo "1522"]
[BlackElo "2288"]
[WhiteTeam "GER"]
[BlackTeam "PER"]
[WhiteClock "0:00:05"]
[BlackClock "0:00:08"]
[Variant "Standard"]

1. e4 {[%clk 0:03:00]}  c5 {[%clk 0:02:57]} 2. Nc3 {[%clk 0:02:58]}  Nc6 {[%clk 0:02:57]} 3. g3 {[%clk 0:02:58]}  g6 {[%clk 0:02:56]} 4. d3 {[%clk 0:02:58]}  Bg7 {[%clk 0:02:57]} 5. Bg2 {[%clk 0:02:59]}  Rb8 {[%clk 0:02:56]} 6. a4 {[%clk 0:02:54]}  a6 {[%clk 0:02:52]} 7. Be3 {[%clk 0:02:47]}  d6 {[%clk 0:02:50]} 8. Nge2 {[%clk 0:02:36]}  Nd4 {[%clk 0:02:23]} 9. Bxd4 {[%clk 0:02:28]}  cxd4 {[%clk 0:02:24]} 10. Nd5 {[%clk 0:02:26]}  e6 {[%clk 0:02:10]} 11. Ndf4 {[%clk 0:02:19]}  Ne7 {[%clk 0:02:02]} 12. O-O {[%clk 0:02:16]}  e5 {[%clk 0:02:01]} 13. Nd5 {[%clk 0:02:13]}  Nxd5 {[%clk 0:02:01]} 14. exd5 {[%clk 0:02:14]}  O-O {[%clk 0:02:01]} 15. f4 {[%clk 0:02:09]}  Bg4 {[%clk 0:01:54]} 16. h3 {[%clk 0:02:03]}  Bd7 {[%clk 0:01:44]} 17. g4 {[%clk 0:01:47]}  exf4 {[%clk 0:01:36]} 18. Nxf4 {[%clk 0:01:45]}  Re8 {[%clk 0:01:32]} 19. Qf3 {[%clk 0:01:42]}  Be5 {[%clk 0:01:28]} 20. Ne2 {[%clk 0:01:35]}  Qe7 {[%clk 0:01:24]} 21. Ng3 {[%clk 0:01:23]}  Rbc8 {[%clk 0:01:23]} 22. Rf2 {[%clk 0:01:05]}  Bxg3 {[%clk 0:01:17]} 23. Qxg3 {[%clk 0:01:03]}  Qe3 {[%clk 0:01:16]} 24. Qxe3 {[%clk 0:01:00]}  dxe3 {[%clk 0:01:11]} 25. Re2 {[%clk 0:00:58]}  Re5 {[%clk 0:00:59]} 26. Rae1 {[%clk 0:00:53]}  Rce8 {[%clk 0:00:59]} 27. b3 {[%clk 0:00:38]}  f5 {[%clk 0:00:55]} 28. gxf5 {[%clk 0:00:26]}  Bxf5 {[%clk 0:00:56]} 29. Kh2 {[%clk 0:00:24]}  b5 {[%clk 0:00:33]} 30. axb5 {[%clk 0:00:21]}  axb5 {[%clk 0:00:34]} 31. Kg3 {[%clk 0:00:14]}  Bc8 {[%clk 0:00:33]} 32. Kf4 {[%clk 0:00:13]}  Rf5+ {[%clk 0:00:21]} 33. Kg3 {[%clk 0:00:11]}  Rg5+ {[%clk 0:00:20]} 34. Kf4 {[%clk 0:00:11]}  h6 {[%clk 0:00:10]} 35. Rxe3 {[%clk 0:00:09]}  Rf8+ {[%clk 0:00:07]} 36. Ke4 {[%clk 0:00:08]}  Rxg2 {[%clk 0:00:08]} 37. Kd4 {[%clk 0:00:08]}  Rxc2 {[%clk 0:00:07]} 38. Re8 {[%clk 0:00:08]}  Bf5 {[%clk 0:00:07]} 39. Rxf8+ {[%clk 0:00:07]}  Kxf8 {[%clk 0:00:08]} 40. Re7 {[%clk 0:00:07]}  Rd2 {[%clk 0:00:08]} 41. Rc7 {[%clk 0:00:05]}  Rxd3# {[%clk 0:00:08]} 0-1

[Event "April 9 Early 2024"]
[Site "Chess.com"]
[Date "2024.04.09"]
[Round "6"]
[White "Carrasco Miranda, Andres"]
[Black "Kriti Mayur Patel"]
[Result "1-0"]
[Board "238"]
[WhiteFideId "3405990"]
[BlackFideId "35061780"]
[WhiteTitle "CM"]
[BlackTitle "WCM"]
[WhiteElo "2341"]
[BlackElo "2193"]
[WhiteTeam "CHI"]
[BlackTeam "IND"]
[WhiteClock "0:01:10"]
[BlackClock "0:00:00"]
[Variant "Standard"]

1. Nf3 {[%clk 0:02:47]}  d5 {[%clk 0:02:59]} 2. d4 {[%clk 0:02:46]}  Nf6 {[%clk 0:02:59]} 3. c4 {[%clk 0:02:46]}  e6 {[%clk 0:03:00]} 4. g3 {[%clk 0:02:47]}  Be7 {[%clk 0:03:00]} 5. Bg2 {[%clk 0:02:47]}  O-O {[%clk 0:03:01]} 6. O-O {[%clk 0:02:48]}  dxc4 {[%clk 0:03:02]} 7. h4 {[%clk 0:02:47]}  a6 {[%clk 0:02:56]} 8. Ne5 {[%clk 0:02:44]}  Nc6 {[%clk 0:02:53]} 9. Nxc6 {[%clk 0:02:41]}  bxc6 {[%clk 0:02:52]} 10. Na3 {[%clk 0:02:42]}  Bxa3 {[%clk 0:02:42]} 11. bxa3 {[%clk 0:02:43]}  Nd5 {[%clk 0:02:40]} 12. Qa4 {[%clk 0:02:38]}  Nb6 {[%clk 0:02:21]} 13. Qc2 {[%clk 0:02:33]}  Qxd4 {[%clk 0:02:12]} 14. Rd1 {[%clk 0:02:30]}  Qf6 {[%clk 0:02:05]} 15. Bg5 {[%clk 0:02:27]}  Qg6 {[%clk 0:02:00]} 16. Be4 {[%clk 0:02:26]}  f5 {[%clk 0:01:57]} 17. Bxc6 {[%clk 0:02:22]}  Rb8 {[%clk 0:01:57]} 18. a4 {[%clk 0:02:13]}  a5 {[%clk 0:01:52]} 19. Rab1 {[%clk 0:02:11]}  e5 {[%clk 0:01:42]} 20. Bd2 {[%clk 0:01:54]}  Qxc6 {[%clk 0:01:38]} 21. Bxa5 {[%clk 0:01:54]}  Be6 {[%clk 0:01:32]} 22. Bc3 {[%clk 0:01:54]}  e4 {[%clk 0:01:30]} 23. Qd2 {[%clk 0:01:39]}  Nxa4 {[%clk 0:01:28]} 24. Be5 {[%clk 0:01:36]}  Rxb1 {[%clk 0:01:25]} 25. Rxb1 {[%clk 0:01:37]}  c3 {[%clk 0:01:25]} 26. Qg5 {[%clk 0:01:37]}  Qd7 {[%clk 0:01:20]} 27. Rb7 {[%clk 0:01:22]}  Rc8 {[%clk 0:01:16]} 28. h5 {[%clk 0:01:18]}  h6 {[%clk 0:00:00]} 29. Qg6 {[%clk 0:01:10]} 1-0

[Event "April 9 Early 2024"]
[Site "Chess.com"]
[Date "2024.04.09"]
[Round "6"]
[White "Todev, Simeon"]
[Black "Al-Blooshi, Hamad Essa"]
[Result "1-0"]
[Board "240"]
[WhiteFideId "2925133"]
[BlackFideId "9314881"]
[WhiteTitle "CM"]
[BlackTitle "CM"]
[WhiteElo "2490"]
[BlackElo "2182"]
[WhiteTeam "BUL"]
[BlackTeam "UAE"]
[WhiteClock "0:00:12"]
[BlackClock "0:00:00"]
[Variant "Standard"]

1. e4 {[%clk 0:02:53]}  e5 {[%clk 0:02:59]} 2. Nf3 {[%clk 0:02:51]}  Nc6 {[%clk 0:03:00]} 3. Bb5 {[%clk 0:02:51]}  a6 {[%clk 0:03:00]} 4. Ba4 {[%clk 0:02:51]}  Nf6 {[%clk 0:03:00]} 5. O-O {[%clk 0:02:50]}  Be7 {[%clk 0:02:12]} 6. Re1 {[%clk 0:02:49]}  b5 {[%clk 0:02:09]} 7. Bb3 {[%clk 0:02:41]}  O-O {[%clk 0:02:07]} 8. c3 {[%clk 0:02:40]}  d6 {[%clk 0:02:08]} 9. h3 {[%clk 0:02:38]}  Na5 {[%clk 0:02:08]} 10. Bc2 {[%clk 0:02:38]}  c5 {[%clk 0:02:08]} 11. d4 {[%clk 0:02:37]}  exd4 {[%clk 0:02:02]} 12. cxd4 {[%clk 0:02:38]}  Nd7 {[%clk 0:02:03]} 13. Bf4 {[%clk 0:02:34]}  Nc6 {[%clk 0:01:55]} 14. Nc3 {[%clk 0:02:33]}  Re8 {[%clk 0:01:30]} 15. e5 {[%clk 0:02:21]}  dxe5 {[%clk 0:01:28]} 16. dxe5 {[%clk 0:02:18]}  Nf8 {[%clk 0:01:25]} 17. Nd5 {[%clk 0:02:11]}  Be6 {[%clk 0:01:15]} 18. Be4 {[%clk 0:02:10]}  Rc8 {[%clk 0:01:02]} 19. Nxe7+ {[%clk 0:02:09]}  Qxe7 {[%clk 0:01:01]} 20. Qd6 {[%clk 0:02:08]}  Red8 {[%clk 0:00:56]} 21. Qxe7 {[%clk 0:02:03]}  Nxe7 {[%clk 0:00:56]} 22. Bg5 {[%clk 0:02:03]}  Rd7 {[%clk 0:00:47]} 23. Rad1 {[%clk 0:02:03]}  Rxd1 {[%clk 0:00:42]} 24. Rxd1 {[%clk 0:02:03]}  Neg6 {[%clk 0:00:30]} 25. h4 {[%clk 0:01:56]}  h6 {[%clk 0:00:29]} 26. Be3 {[%clk 0:01:55]}  c4 {[%clk 0:00:29]} 27. h5 {[%clk 0:01:54]}  Ne7 {[%clk 0:00:24]} 28. Nd4 {[%clk 0:01:54]}  b4 {[%clk 0:00:18]} 29. Nxe6 {[%clk 0:01:47]}  Nxe6 {[%clk 0:00:18]} 30. Rd7 {[%clk 0:01:46]}  Nc6 {[%clk 0:00:15]} 31. f4 {[%clk 0:01:39]}  c3 {[%clk 0:00:13]} 32. bxc3 {[%clk 0:01:38]}  bxc3 {[%clk 0:00:14]} 33. Bd5 {[%clk 0:01:22]}  Nb4 {[%clk 0:00:06]} 34. Bxe6 {[%clk 0:01:17]}  fxe6 {[%clk 0:00:07]} 35. Rd6 {[%clk 0:01:12]}  c2 {[%clk 0:00:07]} 36. Rxe6 {[%clk 0:01:09]}  c1=Q+ {[%clk 0:00:07]} 37. Bxc1 {[%clk 0:01:10]}  Rxc1+ {[%clk 0:00:08]} 38. Kh2 {[%clk 0:01:10]}  Nxa2 {[%clk 0:00:08]} 39. Rxa6 {[%clk 0:01:09]}  Nc3 {[%clk 0:00:09]} 40. f5 {[%clk 0:01:09]}  Re1 {[%clk 0:00:09]} 41. e6 {[%clk 0:01:09]}  Nd5 {[%clk 0:00:07]} 42. Ra8+ {[%clk 0:01:09]}  Kh7 {[%clk 0:00:07]} 43. Rf8 {[%clk 0:00:58]}  Re5 {[%clk 0:00:07]} 44. Rf7 {[%clk 0:00:58]}  Nf6 {[%clk 0:00:06]} 45. Kg3 {[%clk 0:00:42]}  Nxh5+ {[%clk 0:00:06]} 46. Kf3 {[%clk 0:00:42]}  Nf6 {[%clk 0:00:05]} 47. g4 {[%clk 0:00:43]}  Ra5 {[%clk 0:00:03]} 48. e7 {[%clk 0:00:42]}  Ra3+ {[%clk 0:00:03]} 49. Kf4 {[%clk 0:00:39]}  Ra4+ {[%clk 0:00:03]} 50. Ke5 {[%clk 0:00:37]}  Nxg4+ {[%clk 0:00:04]} 51. Kd5 {[%clk 0:00:24]}  Ra5+ {[%clk 0:00:03]} 52. Kd6 {[%clk 0:00:22]}  Re5 {[%clk 0:00:03]} 53. Rf8 {[%clk 0:00:19]}  Rxe7 {[%clk 0:00:01]} 54. Kxe7 {[%clk 0:00:20]}  h5 {[%clk 0:00:01]} 55. Ra8 {[%clk 0:00:17]}  h4 {[%clk 0:00:02]} 56. Ra4 {[%clk 0:00:17]}  Nf6 {[%clk 0:00:01]} 57. Rxh4+ {[%clk 0:00:18]}  Kg8 {[%clk 0:00:02]} 58. Rh3 {[%clk 0:00:17]}  Nd5+ {[%clk 0:00:02]} 59. Ke8 {[%clk 0:00:17]}  Nf6+ {[%clk 0:00:02]} 60. Kd8 {[%clk 0:00:17]}  Nd5 {[%clk 0:00:02]} 61. Rd3 {[%clk 0:00:14]}  Nf6 {[%clk 0:00:02]} 62. Ke7 {[%clk 0:00:14]}  Kh7 {[%clk 0:00:02]} 63. Kf7 {[%clk 0:00:14]}  Kh6 {[%clk 0:00:02]} 64. Rg3 {[%clk 0:00:13]}  Nh5 {[%clk 0:00:02]} 65. Rg6+ {[%clk 0:00:14]}  Kh7 {[%clk 0:00:03]} 66. Rg5 {[%clk 0:00:14]}  Nf6 {[%clk 0:00:03]} 67. Rxg7+ {[%clk 0:00:13]}  Kh8 {[%clk 0:00:03]} 68. Rg6 {[%clk 0:00:13]}  Nh7 {[%clk 0:00:00]} 69. f6 {[%clk 0:00:12]} 1-0

[Event "April 9 Early 2024"]
[Site "Chess.com"]
[Date "2024.04.09"]
[Round "6"]
[White "Quirke, Jeffrey"]
[Black "Castellanos Hernandez, Lhia Itzayana"]
[Result "0-1"]
[Board "242"]
[WhiteFideId "2013029"]
[BlackFideId "5123569"]
[BlackTitle "WCM"]
[WhiteElo "2217"]
[BlackElo "2407"]
[WhiteTeam "USA"]
[BlackTeam "MEX"]
[WhiteClock "0:01:59"]
[BlackClock "0:02:07"]
[Variant "Standard"]

1. e4 {[%clk 0:03:00]}  Nf6 {[%clk 0:02:54]} 2. e5 {[%clk 0:02:59]}  Nd5 {[%clk 0:02:52]} 3. d4 {[%clk 0:03:00]}  d6 {[%clk 0:02:50]} 4. Nf3 {[%clk 0:03:00]}  dxe5 {[%clk 0:02:45]} 5. Nxe5 {[%clk 0:02:59]}  Bf5 {[%clk 0:02:43]} 6. Qf3 {[%clk 0:02:44]}  e6 {[%clk 0:02:43]} 7. c4 {[%clk 0:02:39]}  Nf6 {[%clk 0:02:41]} 8. Qxb7 {[%clk 0:02:35]}  Qxd4 {[%clk 0:02:40]} 9. Qxa8 {[%clk 0:02:18]}  Qxe5+ {[%clk 0:02:36]} 10. Be2 {[%clk 0:02:13]}  c5 {[%clk 0:02:13]} 11. O-O {[%clk 0:02:06]}  Bd6 {[%clk 0:02:09]} 12. Bf3 {[%clk 0:01:59]}  Qxh2# {[%clk 0:02:07]} 0-1

[Event "April 9 Early 2024"]
[Site "Chess.com"]
[Date "2024.04.09"]
[Round "6"]
[White "Shyam Gandhi"]
[Black "Novak, Ratko"]
[Result "0-1"]
[Board "244"]
[WhiteFideId "2052008"]
[BlackFideId "14511827"]
[BlackTitle "CM"]
[WhiteElo "2161"]
[BlackElo "2394"]
[WhiteTeam "USA"]
[BlackTeam "CRO"]
[WhiteClock "0:01:24"]
[BlackClock "0:02:31"]
[Variant "Standard"]

1. d4 {[%clk 0:03:00]}  d5 {[%clk 0:02:59]} 2. Nc3 {[%clk 0:02:59]}  c5 {[%clk 0:02:58]} 3. e4 {[%clk 0:02:57]}  dxe4 {[%clk 0:02:53]} 4. dxc5 {[%clk 0:02:45]}  Qxd1+ {[%clk 0:02:52]} 5. Kxd1 {[%clk 0:02:44]}  Nf6 {[%clk 0:02:52]} 6. Bb5+ {[%clk 0:02:40]}  Bd7 {[%clk 0:02:52]} 7. Bg5 {[%clk 0:02:36]}  Nc6 {[%clk 0:02:46]} 8. Bxf6 {[%clk 0:02:35]}  exf6 {[%clk 0:02:45]} 9. Nxe4 {[%clk 0:02:33]}  O-O-O {[%clk 0:02:45]} 10. Nd6+ {[%clk 0:01:52]}  Bxd6 {[%clk 0:02:40]} 11. cxd6 {[%clk 0:01:53]}  Bf5 {[%clk 0:02:36]} 12. Bxc6 {[%clk 0:01:39]}  Rxd6+ {[%clk 0:02:35]} 13. Ke1 {[%clk 0:01:34]}  Rxc6 {[%clk 0:02:31]} 14. c3 {[%clk 0:01:31]}  Re8+ {[%clk 0:02:31]} 15. Kd2 {[%clk 0:01:24]}  Rd6+ {[%clk 0:02:31]} 0-1

[Event "April 9 Early 2024"]
[Site "Chess.com"]
[Date "2024.04.10"]
[Round "6"]
[White "Clawitter, Craig"]
[Black "Mena, Martin"]
[Result "0-1"]
[Board "246"]
[WhiteFideId "2023105"]
[BlackFideId "10651225"]
[BlackTitle "FM"]
[WhiteElo "2267"]
[BlackElo "2134"]
[WhiteTeam "USA"]
[BlackTeam "EGY"]
[WhiteClock "0:00:07"]
[BlackClock "0:00:31"]
[Variant "Standard"]

1. e4 {[%clk 0:03:00]}  c6 {[%clk 0:02:57]} 2. d4 {[%clk 0:03:00]}  d5 {[%clk 0:02:58]} 3. e5 {[%clk 0:03:00]}  Bf5 {[%clk 0:02:57]} 4. Nf3 {[%clk 0:02:58]}  e6 {[%clk 0:02:57]} 5. Be2 {[%clk 0:02:59]}  Nd7 {[%clk 0:02:50]} 6. O-O {[%clk 0:02:57]}  c5 {[%clk 0:02:50]} 7. c4 {[%clk 0:02:54]}  Ne7 {[%clk 0:02:40]} 8. Nc3 {[%clk 0:02:50]}  cxd4 {[%clk 0:02:25]} 9. Nxd4 {[%clk 0:02:44]}  Nxe5 {[%clk 0:02:21]} 10. cxd5 {[%clk 0:02:33]}  exd5 {[%clk 0:02:03]} 11. Nxf5 {[%clk 0:02:06]}  Nxf5 {[%clk 0:01:59]} 12. Re1 {[%clk 0:01:44]}  Be7 {[%clk 0:01:44]} 13. Nxd5 {[%clk 0:01:25]}  O-O {[%clk 0:01:41]} 14. Bf1 {[%clk 0:00:34]}  Nc6 {[%clk 0:01:35]} 15. Bf4 {[%clk 0:00:33]}  Bd6 {[%clk 0:01:28]} 16. Qf3 {[%clk 0:00:27]}  Nfd4 {[%clk 0:01:15]} 17. Qh3 {[%clk 0:00:24]}  Bxf4 {[%clk 0:01:13]} 18. Nxf4 {[%clk 0:00:24]}  Nc2 {[%clk 0:01:12]} 19. Bd3 {[%clk 0:00:24]}  g6 {[%clk 0:00:57]} 20. Bxc2 {[%clk 0:00:24]}  Qd2 {[%clk 0:00:55]} 21. Ne6 {[%clk 0:00:12]}  fxe6 {[%clk 0:00:46]} 22. Qxe6+ {[%clk 0:00:13]}  Kh8 {[%clk 0:00:46]} 23. Re2 {[%clk 0:00:13]}  Qd4 {[%clk 0:00:36]} 24. Qb3 {[%clk 0:00:12]}  Rae8 {[%clk 0:00:31]} 25. Rae1 {[%clk 0:00:11]}  Qxf2+ {[%clk 0:00:30]} 26. Rxf2 {[%clk 0:00:07]}  Rxe1+ {[%clk 0:00:30]} 27. Rf1 {[%clk 0:00:07]}  Rexf1# {[%clk 0:00:31]} 0-1

[Event "April 9 Early 2024"]
[Site "Chess.com"]
[Date "2024.04.09"]
[Round "6"]
[White "Dovzik, Juri"]
[Black "Blokhin, Sofia"]
[Result "0-1"]
[Board "247"]
[WhiteFideId "14100223"]
[BlackFideId "4508190"]
[WhiteTitle "IM"]
[BlackTitle "WFM"]
[WhiteElo "2124"]
[BlackElo "2263"]
[WhiteTeam "UKR"]
[BlackTeam "EST"]
[WhiteClock "0:00:16"]
[BlackClock "0:00:27"]
[Variant "Standard"]

1. a3 {[%clk 0:02:58]}  d5 {[%clk 0:02:58]} 2. e3 {[%clk 0:02:53]}  e6 {[%clk 0:02:56]} 3. c4 {[%clk 0:02:52]}  Nf6 {[%clk 0:02:53]} 4. b4 {[%clk 0:02:49]}  b6 {[%clk 0:02:50]} 5. Bb2 {[%clk 0:02:38]}  Be7 {[%clk 0:02:49]} 6. Nf3 {[%clk 0:02:36]}  O-O {[%clk 0:02:48]} 7. d4 {[%clk 0:02:36]}  c5 {[%clk 0:02:41]} 8. bxc5 {[%clk 0:02:26]}  bxc5 {[%clk 0:02:41]} 9. cxd5 {[%clk 0:02:24]}  Nxd5 {[%clk 0:02:28]} 10. Bd3 {[%clk 0:02:01]}  Nc6 {[%clk 0:02:11]} 11. O-O {[%clk 0:01:59]}  Rb8 {[%clk 0:02:09]} 12. Ra2 {[%clk 0:01:46]}  Bf6 {[%clk 0:01:58]} 13. Qc2 {[%clk 0:01:29]}  Qb6 {[%clk 0:01:48]} 14. dxc5 {[%clk 0:01:21]}  Qb3 {[%clk 0:01:38]} 15. Bxh7+ {[%clk 0:01:18]}  Kh8 {[%clk 0:01:37]} 16. Bxf6 {[%clk 0:01:15]}  Qxc2 {[%clk 0:01:22]} 17. Bxg7+ {[%clk 0:01:06]}  Kxh7 {[%clk 0:01:19]} 18. Rxc2 {[%clk 0:00:55]}  Kxg7 {[%clk 0:01:18]} 19. Nd4 {[%clk 0:00:49]}  Nxd4 {[%clk 0:01:14]} 20. exd4 {[%clk 0:00:48]}  Ba6 {[%clk 0:01:12]} 21. Rd1 {[%clk 0:00:39]}  Bd3 {[%clk 0:01:05]} 22. Rcc1 {[%clk 0:00:38]}  Bxb1 {[%clk 0:00:59]} 23. Rxb1 {[%clk 0:00:38]}  Nc3 {[%clk 0:00:58]} 24. Rxb8 {[%clk 0:00:31]}  Rxb8 {[%clk 0:00:58]} 25. Re1 {[%clk 0:00:26]}  Ne2+ {[%clk 0:00:53]} 26. Kf1 {[%clk 0:00:23]}  Nxd4 {[%clk 0:00:53]} 27. f4 {[%clk 0:00:19]}  Rc8 {[%clk 0:00:50]} 28. Rd1 {[%clk 0:00:18]}  Nc2 {[%clk 0:00:34]} 29. Rd7 {[%clk 0:00:18]}  a5 {[%clk 0:00:30]} 30. f5 {[%clk 0:00:17]}  exf5 {[%clk 0:00:29]} 31. Rd5 {[%clk 0:00:16]}  Ne3+ {[%clk 0:00:27]} 32. Ke2 {[%clk 0:00:16]}  Nxd5 {[%clk 0:00:27]} 0-1

[Event "April 9 Early 2024"]
[Site "Chess.com"]
[Date "2024.04.10"]
[Round "6"]
[White "Calhoun, Luke"]
[Black "Jordan, Christian"]
[Result "1/2-1/2"]
[Board "248"]
[WhiteFideId "2064421"]
[BlackFideId "4681193"]
[BlackTitle "CM"]
[WhiteElo "2236"]
[BlackElo "2005"]
[WhiteTeam "USA"]
[BlackTeam "GER"]
[WhiteClock "0:00:03"]
[BlackClock "0:00:04"]
[Variant "Standard"]

1. d4 {[%clk 0:02:57]}  e6 {[%clk 0:02:59]} 2. c4 {[%clk 0:02:54]}  b6 {[%clk 0:02:58]} 3. e4 {[%clk 0:02:52]}  Bb7 {[%clk 0:02:56]} 4. Nc3 {[%clk 0:02:53]}  Bb4 {[%clk 0:02:55]} 5. Bd3 {[%clk 0:02:51]}  f5 {[%clk 0:02:52]} 6. f3 {[%clk 0:02:47]}  Qh4+ {[%clk 0:02:33]} 7. g3 {[%clk 0:02:45]}  Qh5 {[%clk 0:02:32]} 8. exf5 {[%clk 0:02:40]}  exf5 {[%clk 0:02:29]} 9. d5 {[%clk 0:02:33]}  Ne7 {[%clk 0:02:18]} 10. Bf4 {[%clk 0:02:29]}  Na6 {[%clk 0:02:15]} 11. Qc2 {[%clk 0:02:13]}  O-O {[%clk 0:01:52]} 12. Kf2 {[%clk 0:01:49]}  Bc5+ {[%clk 0:01:48]} 13. Kg2 {[%clk 0:01:48]}  Nb4 {[%clk 0:01:47]} 14. Qb1 {[%clk 0:01:46]}  Nxd3 {[%clk 0:01:46]} 15. Qxd3 {[%clk 0:01:45]}  Ng6 {[%clk 0:01:41]} 16. Bxc7 {[%clk 0:01:42]}  Rac8 {[%clk 0:01:36]} 17. d6 {[%clk 0:01:26]}  Ne5 {[%clk 0:01:25]} 18. Qf1 {[%clk 0:01:22]}  Kh8 {[%clk 0:00:57]} 19. Nd5 {[%clk 0:01:13]}  Bxd5 {[%clk 0:00:48]} 20. cxd5 {[%clk 0:01:12]}  f4 {[%clk 0:00:44]} 21. Re1 {[%clk 0:00:46]}  Ng6 {[%clk 0:00:42]} 22. Re4 {[%clk 0:00:39]}  Qxd5 {[%clk 0:00:40]} 23. Ne2 {[%clk 0:00:36]}  Rfe8 {[%clk 0:00:19]} 24. Nc3 {[%clk 0:00:28]}  Qd2+ {[%clk 0:00:18]} 25. Qe2 {[%clk 0:00:28]}  Qxe2+ {[%clk 0:00:16]} 26. Nxe2 {[%clk 0:00:27]}  Rxe4 {[%clk 0:00:14]} 27. fxe4 {[%clk 0:00:27]}  Re8 {[%clk 0:00:13]} 28. Kf3 {[%clk 0:00:22]}  fxg3 {[%clk 0:00:10]} 29. Nxg3 {[%clk 0:00:20]}  Ne5+ {[%clk 0:00:09]} 30. Kg2 {[%clk 0:00:20]}  g6 {[%clk 0:00:06]} 31. Rf1 {[%clk 0:00:20]}  Kg7 {[%clk 0:00:06]} 32. h4 {[%clk 0:00:19]}  Ng4 {[%clk 0:00:06]} 33. h5 {[%clk 0:00:18]}  Ne3+ {[%clk 0:00:06]} 34. Kg1 {[%clk 0:00:17]}  Nxf1+ {[%clk 0:00:06]} 35. Kxf1 {[%clk 0:00:18]}  gxh5 {[%clk 0:00:06]} 36. Nxh5+ {[%clk 0:00:15]}  Kg6 {[%clk 0:00:06]} 37. Ng3 {[%clk 0:00:14]}  Kg5 {[%clk 0:00:06]} 38. Kg2 {[%clk 0:00:13]}  Kg4 {[%clk 0:00:06]} 39. Nf5 {[%clk 0:00:07]}  Rf8 {[%clk 0:00:06]} 40. Ne7 {[%clk 0:00:07]}  Rf2+ {[%clk 0:00:06]} 41. Kh1 {[%clk 0:00:07]}  Kh3 {[%clk 0:00:05]} 42. Kg1 {[%clk 0:00:02]}  Rxb2+ {[%clk 0:00:05]} 43. Kf1 {[%clk 0:00:02]}  Rb1+ {[%clk 0:00:03]} 44. Ke2 {[%clk 0:00:02]}  Rb2+ {[%clk 0:00:04]} 45. Kd3 {[%clk 0:00:03]}  Rxa2 {[%clk 0:00:04]} 46. Kc4 {[%clk 0:00:03]}  Re2 {[%clk 0:00:04]} 47. Kd5 {[%clk 0:00:02]}  Rd2+ {[%clk 0:00:04]} 48. Ke5 {[%clk 0:00:02]}  Re2 {[%clk 0:00:04]} 49. Kf5 {[%clk 0:00:02]}  Rf2+ {[%clk 0:00:04]} 50. Ke5 {[%clk 0:00:01]}  Re2 {[%clk 0:00:04]} 51. Kd5 {[%clk 0:00:02]}  Rd2+ {[%clk 0:00:04]} 52. Ke5 {[%clk 0:00:03]}  Re2 {[%clk 0:00:04]} 1/2-1/2